000 00813nam a2200217Ii 4500
003 JO-AjNU
008 230605s9999||||xx |||||||||||||| ||und||
040 _aJO-AjNU
_bara
_erda
_cJO-AjNU
041 _aara
050 1 4 _aBP173.4.Z33 1998
100 3 _aالزهراء، فاطمة بنت عبد الله,
_eauthor
_914466
245 0 0 _aالمتبرجات
250 _aط4
264 3 1 _aعمان-بيروت: المكتبة الاسلامية، دار ابن حزم للطباعة والنشر والتوزيع، 1998
300 _a208ص
336 _atext
_btxt
_2rdacontent
337 _aunmediated
_bn
_2rdamedia
338 _avolume
_bnc
_2rdacarrier
490 0 _aسلسلة حقائق واكاذيب في حياة المراة المسلمة1
650 4 _aالتبرج- المرأة المسلمة
_914467
999 _aA3864
_c7432
_d7432